000 00496cam a2200193ua 4500
001 3430
005 20260515113657.0
008 111111n ii |||gr||||Z||||||asm
040 _cMAIN
082 _a891.4514
100 _aBora, Lilabati Saikia,
_eAuthor.
245 1 1 _aBhasa sahityar suvas
_cby Lilabati Saikia Bora
250 _a1st.
260 _aGuwahati:
_bChandra Prakash,992.
300 _a220p:
_c23cm.
653 _aAssamese literature
653 _aBhasa sahityar suvas
942 _cBK
999 _c3271
_d3271